000 00889nam a2200241Ia 4500
003 OSt
005 20220923225104.0
006 a|||||r|||| 00| 0
007 ta
008 220922b |||||||| |||| 00| 0 hin d
024 _a257,006
037 _cTextual
040 _aARTS
_cARTS
_bhin
041 _2hin
_ahin
082 _aLB:4:6, 152[Q1]
100 _aशर्मा, सुरेश प्रसाद
245 0 _aभारतीय औषधावली तथा होमियो पेटेण्ट मेडिसिन
246 _aBhāratīya auṣhadhāvalī tathā homiyo peṭeṇṭa meḍisina
260 _aवाराणसी
_b मेडिकल पुस्तक भवन
_c2011
300 _a174पृ.
_ccm.
942 _hLB:4:6, 152[Q1]
_cTEXL
_2CC
999 _c375971
_d375971